Buildings must die : (Record no. 608480)
[ view plain ]
| 000 -LEADER | |
|---|---|
| fixed length control field | 01568cam a2200361 i 4500 |
| 001 - CONTROL NUMBER | |
| control field | 17897832 |
| 003 - CONTROL NUMBER IDENTIFIER | |
| control field | NUST |
| 005 - DATE AND TIME OF LATEST TRANSACTION | |
| control field | 20240229114216.0 |
| 008 - FIXED-LENGTH DATA ELEMENTS--GENERAL INFORMATION | |
| fixed length control field | 130925s2014 maua b 001 0 eng |
| 010 ## - LIBRARY OF CONGRESS CONTROL NUMBER | |
| LC control number | 2013028480 |
| 020 ## - INTERNATIONAL STANDARD BOOK NUMBER | |
| International Standard Book Number | 9780262026932 |
| 038 ## - RECORD CONTENT LICENSOR | |
| Staff Name | Malang Jan |
| 040 ## - CATALOGING SOURCE | |
| Original cataloging agency | DLC |
| Language of cataloging | eng |
| Transcribing agency | DLC |
| Description conventions | rda |
| Modifying agency | DLC |
| 042 ## - AUTHENTICATION CODE | |
| Authentication code | pcc |
| 050 00 - LIBRARY OF CONGRESS CALL NUMBER | |
| Classification number | NA2540 |
| Item number | .C32 2014 |
| 082 00 - DEWEY DECIMAL CLASSIFICATION NUMBER | |
| Classification number | 720.1 |
| Edition number | 23 |
| Author Mark | CAI |
| 100 1# - MAIN ENTRY--PERSONAL NAME | |
| Personal name | Cairns, Stephen, |
| Relator term | author. |
| 9 (RLIN) | 120773 |
| 245 10 - TITLE STATEMENT | |
| Title | Buildings must die : |
| Remainder of title | a perverse view of architecture / |
| Statement of responsibility, etc. | Stephen Cairns, Jane M. Jacobs. |
| 264 #1 - PRODUCTION, PUBLICATION, DISTRIBUTION, MANUFACTURE, AND COPYRIGHT NOTICE | |
| Place of production, publication, distribution, manufacture | Cambridge, Massachusetts : |
| Name of producer, publisher, distributor, manufacturer | The MIT Press, |
| Date of production, publication, distribution, manufacture, or copyright notice | [2014] |
| 300 ## - PHYSICAL DESCRIPTION | |
| Extent | x, 298 pages : |
| Other physical details | illustrations ; |
| Dimensions | 23 cm |
| 336 ## - CONTENT TYPE | |
| Content type term | text |
| Source | rdacontent |
| 337 ## - MEDIA TYPE | |
| Media type term | unmediated |
| Source | rdamedia |
| 338 ## - CARRIER TYPE | |
| Carrier type term | volume |
| Source | rdacarrier |
| 504 ## - BIBLIOGRAPHY, ETC. NOTE | |
| Bibliography, etc. note | Includes bibliographical references (pages 247-286) and index. |
| 505 0# - FORMATTED CONTENTS NOTE | |
| Formatted contents note | Introduction: a feeling for the inert -- Design, creativity and architecture's natalism -- Terminal literacy: dross, rust and other architectural junk -- Towards a general economy of architecture -- Decay -- Obsolescence -- Disaster -- Ruin -- Demolition -- Ecological horizons. |
| 650 #0 - SUBJECT ADDED ENTRY--TOPICAL TERM | |
| Topical term or geographic name entry element | Architecture. |
| 650 #0 - SUBJECT ADDED ENTRY--TOPICAL TERM | |
| Topical term or geographic name entry element | Building materials |
| General subdivision | Deterioration. |
| 9 (RLIN) | 121676 |
| 650 #0 - SUBJECT ADDED ENTRY--TOPICAL TERM | |
| Topical term or geographic name entry element | Creation (Literary, artistic, etc.) |
| General subdivision | Social aspects. |
| 9 (RLIN) | 121677 |
| 700 1# - ADDED ENTRY--PERSONAL NAME | |
| Personal name | Jacobs, Jane M. |
| Fuller form of name | (Jane Margaret), |
| Dates associated with a name | 1958- |
| Relator term | author. |
| 9 (RLIN) | 121678 |
| 906 ## - LOCAL DATA ELEMENT F, LDF (RLIN) | |
| a | 7 |
| b | cbc |
| c | orignew |
| d | 1 |
| e | ecip |
| f | 20 |
| g | y-gencatlg |
| 942 ## - ADDED ENTRY ELEMENTS (KOHA) | |
| Source of classification or shelving scheme | |
| Koha item type | Book |
| Withdrawn status | Lost status | Source of classification or shelving scheme | Damaged status | Not for loan | Permanent Location | Current Location | Date acquired | Source of acquisition | Total Checkouts | Full call number | Barcode | Date last seen | Cost, replacement price | Price effective from | Koha item type |
|---|---|---|---|---|---|---|---|---|---|---|---|---|---|---|---|
| School of Art Design and Architecture (SADA) | School of Art Design and Architecture (SADA) | 06/14/2023 | Multiline | 720.1 CAI 2014 | SADA0003009 | 02/29/2024 | 4555.60 | 02/29/2024 | Book |
